| 000 | 00519nam a22001817a 4500 | ||
|---|---|---|---|
| 003 | OSt | ||
| 005 | 20240423155245.0 | ||
| 008 | 160408t xxu||||| |||| 00| 0 eng d | ||
| 040 | _c0 | ||
| 082 | _a720.25 | ||
| 100 | 1 |
_a Prestige Publication _98505 |
|
| 245 | 1 |
_a Building Resource Book of Pakistan 2022-2023. _c Prestige Publication _hVol.02(G to Z) |
|
| 260 | _c2023. | ||
| 300 |
_aVol.02: _bill; _c27cm. |
||
| 650 |
_aArchitecture _yDairies _98506 |
||
| 650 |
_aArchitecture _yDirectories _98507 |
||
| 942 |
_2ddc _cBK |
||
| 999 |
_c608933 _d608933 |
||